000 00980nam a2200265 4500
001 131067
003 ES-MaACL
005 20250808022128.0
007 t|
008 070214s1951 sp r ||||1| spa d
100 1 _aRoberts, Cecil.
_997826
245 1 0 _aVivo en el campo /
_cCecil Roberts ; [versión española de José Mª Claramunda Bes].
250 _a1ª ed.
260 _aBarcelona :
_bLuis de Caralt,
_c1951.
300 _a273 p. ;
_c20 cm.
490 1 _aLa vida vivida
650 7 _2embne
_9137408
_aNovela inglesa
700 1 _aClaramunda Bes, José María.
_938998
830 0 3 _aLa vida vivida
_9180877
852 _aES-MaACL
_jD-6264
_bR.31887
_bR.M.5859
_9135840
_cSVI
_fSello en tinta azul de la Biblioteca del Ateneo de Madrid
_hSello en tinta: "Donativo"
_xEncuadernación en tela azul.
942 _2udc
_cMONOGRAFIA
999 _c131067
_d131067